000 00401nam a2200169Ia 4500
005 20140402154550.0
008 140130s9999 xx 000 0 und d
050 _aPZ 7
_b.M423964Dan 1993
245 _cMatas, Carol
_aDaniel's story
260 _bScholastic,
_c1993
300 _a135 p. :
_bill. ;
_c24 cm.
440 _v1
521 _aG5
526 _c720
942 _cBK
_2lcc
999 _c41046
_d41046